Die Aufklärung visualisierend

Titel: Die Aufklärung visualisierend : Über die Philosophie des Klassizismus im "Embach-Athen"
Verfasser:
In: Latvijas Zinātņu Akadēmija: Latvijas Zinātnu Akadēmijas vēstis. A daļa, Sociālās un humanitārās zinātnes, Band 67 (2013), Seite 191-208
alle Artikel anzeigen
Veröffentlicht: 2013
Format: Aufsatz
Sprache: Deutsch
Kein Bild verfügbar
X
alg: 39176554
001A    $01999:11-11-16 
001B    $01999:15-05-21 $t21:03:47.000 
001C    $06050:19-11-16 $t09:36:02.000 
001D    $01999:11-11-16 
001U    $0utf8 
001X    $00 
002@    $0Aox 
003@    $039176554X 
007A    $039176554X $aHEB 
007T    $0Herdc0111904m 
010@    $ager 
011@    $a2013 
021A    $aDie @Aufklärung visualisierend $dÜber die Philosophie des Klassizismus im "Embach-Athen" 
028A    $#Majste, Ju. G. $#Majste, Juchan Gustavovič $7131823744 $8Maiste, Juhan$Z1952- [Tp1] $9179329022 
031A    $d67 $h191-208 $j2013 
037A    $alett. Res. 208: Vizualzētā apgaismība. Par klasicisma filozofiju "Emajegi Atēnās" 
039B    $aIn $8--Abvc--Latvijas Zinātņu Akadēmija [Tb1]. Latvijas Zinātnu Akadēmijas vēstis. A daļa, Sociālās un humanitārās zinātnes. - Rīgā, 1992-. - ISSN 0868-6556 $x201300000670000809 $9048608599 
045F    $a307.094798 $eDDC23BSB 
045F/01 $a307.09 
045F/03 $g4798 
045T    $a24 $a7,44 

lok: 39176554 78

exp: 39176554 78 1 #EPN
201B/01 $017-09-18 $t22:44:15.000 
201U/01 $0utf8 
203@/01 $0787860417 
208@/01 $a11-11-16 $be 
209A/01 $a/ $f000 $x00 
220C/01 $aTitelaufnehmer: kk 
220C/01 $aHerkunft: HI Marburg 
244Z/01 $2Trx $#Estija $#Igaunija $#Estland $#Estonia $#Estonia $#Estónsko $#Estonsko $8--Trx--Eesti $x01 $9391237225 
244Z/01 $#Tartu $#Dorpat $#Dorpat Tartu $#Derpt $#Tartu, Töörahva Saadikute Nõukogu $#TSN $#Tartu, Sovet Trudjašcichsja Deputatov $#Tartu Linna TSN Täitevkomitee $#Töörahva Saadikute Nõukogu Tartu $#Sovet Trudjašcichsja Deputatov Tartu $71029285-8 $8--Tg1--Tartu $x02 $9042051304 
244Z/01 $aGeschichte 1775-1825 $x03 
244Z/01 $2Trx $8--Trx--Krause, Johann Wilhelm von$Z1757-1828 $x04 $9390988030 
244Z/01 $2Trx $#ülikoolid $#universitetai $#universitāte $#Universities $#egyetemek $#uniwersytety $#univerzity $#univerzity $#Hochschulen $#vysoké školy $8--Trx--Universitäten $x05 $9391373862 
244Z/01 $2Trx $#arhitektuur, linnalik $#miestų architektūra $#architecture, city $#építészet városi $#architektura miejska $#architektúra mestská $#architektura městská $#Architektur, bürgerliche $#Bürgerhäuser $#architektura mieszczańska $#architektúra mešťanská $#domy mešťanské $#architektura měšťanská $#domy měšťanské $8--Trx--Architektur, städtische $x06 $9391382772 
244Z/01 $2Trx $#klassitsism $#klasicizmas $#Classicism $#klasszicizmus $#klasycyzm $#klasicizmus $#klasicismus $8--Trx--Klassizismus $x07 $9391368265 
244Z/01 $2Trx $8--Trx--Zeitschriftenaufsatz $x08 $9391384341 
245Z/01 $a13.03 $x01 
245Z/01 $a11.11 $x02 
247C/01 $82080>Marburg/Lahn, Herder-Institut, Forschungsbibliothek, Bibliographieportal $9336309341
LEADER 00000caa a22000002c 4500
001 39176554X
003 DE-603
005 20210515210347.0
007 tu
008 161111s2013 xx |||| | u00||u|ger c
035 |a (DE-599)HEB39176554X 
040 |a DE-603  |b ger  |c DE-603  |d DE-603 
041 |a ger 
082 0 4 |8 1\u  |a 307.094798  |q DE-101  |2 23/BSB 
084 |a 24  |a 7,44  |2 ssgn 
085 |8 1\u  |b 307.09 
085 |8 1\u  |z 2  |s 4798 
100 1 |a Maiste, Juhan  |d 1952-  |0 (DE-603)179329022  |0 (DE-588)131823744  |2 gnd 
245 0 0 |a ˜Dieœ Aufklärung visualisierend  |b Über die Philosophie des Klassizismus im "Embach-Athen" 
264 0 |c 2013 
500 |a lett. Res. 208: Vizualzētā apgaismība. Par klasicisma filozofiju "Emajegi Atēnās" 
773 0 8 |i In  |a Latvijas Zinātņu Akadēmija  |t Latvijas Zinātnu Akadēmijas vēstis. A daļa, Sociālās un humanitārās zinātnes  |d Rīgā, 1992-  |x 0868-6556  |g Band 67 (2013), Seite 191-208  |w (DE-603)048608599  |w (DE-600)1116654-X 
924 0 |9 2080  |a (DE-603)787860417  |b DE-2080  |c HES  |d d  |g /